| 000 | 00454nam a2200157 i 4500 | ||
|---|---|---|---|
| 001 | 66235 | ||
| 003 | ES-MaACL | ||
| 005 | 20230906165557.0 | ||
| 007 | t| | ||
| 008 | 040129s1977 sp ||||1| spa d | ||
| 100 | 1 |
_aGalarza, Ramón de. _953330 |
|
| 245 | 1 | 0 |
_aDiario de un gudari condenado a muerte / _cRamón de Galarza. |
| 260 |
_aSan Sebastián : _bEd. Vascas, _c1977. |
||
| 300 |
_a239 p., 22 lám. ; _c20 cm. |
||
| 852 |
_aES-MaACL _jA-7631 _bR.96854 |
||
| 999 |
_c66235 _d66235 |
||